| 000 | 00481nam a2200181Ia 4500 | ||
|---|---|---|---|
| 005 | 20250508151640.0 | ||
| 008 | 008 250505s9999 xx 000 0 eng d | ||
| 037 | _aTextual | ||
| 040 |
_aFEDL _beng _cFEDL |
||
| 041 |
_aeng _2eng |
||
| 084 |
_aB, SHA _qFEDL |
||
| 100 |
_aClarke D Waldo _9759670 |
||
| 245 | 0 | _aWilliam Shakespeare | |
| 260 |
_aLondon, UK _bLongmans, Green and Co. _c1950 |
||
| 300 | _ax,86p | ||
| 942 |
_cTEXL _hB, SHA |
||
| 999 |
_c1331143 _d1331143 |
||